LEADER 00834nam0-22003131i-450- 001 990002060320403321 005 20021010 035 $a000206032 035 $aFED01000206032 035 $a(Aleph)000206032FED01 035 $a000206032 100 $a20021010d--------km-y0itay50------ba 101 0 $aita 200 1 $a<>naissance de l' intelligence$fGeorges Bohn. 210 $aParis$cErnest Flammarion$d1914. 215 $a350 p.$d19 cm 610 0 $aMedicina : Intelligenza 610 0 $aEvoluzione 610 0 $aPsicologia Animale 676 $a153.9 700 1$aBohn,$bGeorges$084827 801 0$aIT$bUNINA$gRICA$2UNIMARC 901 $aBK 912 $a990002060320403321 952 $a61 XIV B.4/37$b83$fDAGEN 959 $aDAGEN 996 $aNaissance de l' intelligence$9393180 997 $aUNINA DB $aING01 LEADER 00958nam a2200277 i 4500 001 991000893789707536 005 20020507175359.0 008 931030s1983 uk ||| | eng 020 $a0521274249 035 $ab10772194-39ule_inst 035 $aLE01303947$9ExL 040 $aDip.to Matematica$beng 082 0 $a532.05 084 $aAMS 76-01 084 $aAMS 76-XX 100 1 $aPaterson, A. R.$0535395 245 12$aA first course in fluid dynamics /$cA. R. Paterson 260 $aCambridge :$bCambridge University Press,$c1983 300 $avii, 528 p. ;$c23 cm. 650 4$aFluid mechanics 907 $a.b10772194$b21-09-06$c28-06-02 912 $a991000893789707536 945 $aLE013 76-XX PAT11 (1983)$g1$iLE013N-71$lle013$nSmarrito (Prof. Bortone)$on$pE0.00$q-$rn$sm $t0$u0$v0$w0$x0$y.i10870660$z28-06-02 996 $aFirst course in fluid dynamics$9922471 997 $aUNISALENTO 998 $ale013$b01-01-93$cm$da $e-$feng$guk $h2$i1 LEADER 01481nam2 22003493i 450 001 LO10501971 005 20251003044211.0 020 $aIT$b1951 10349 090 $a173424 100 $a20110727d1951 ||||0itac50 ba 101 | $aita 102 $ait 181 1$6z01$ai $bxxxe 182 1$6z01$an 183 1$6z01$anc$2RDAcarrier 200 1 $aˆ1: Il ‰crepuscolo del liberismo$eparte prima del "Corso di politica economica e finanziaria"$fEpicarmo Corbino 205 $a5. ed 210 $aMilano$cA. Giuffrè$d1951 215 $a94 p.$d24 cm. 461 1$1001LO10501972$12001 $aCorso di politica economica e finanziaria$fEpicarmo Corbino$v1 686 $aIT/X422.6$cPOLITICA ECONOMICA ITALIA$2R 686 $aIT/X436.0$cLAVORO SINDACATI DEI LAVORATORI ITALIA$2R 686 $aIT/X437.0$cDEMOGRAFIA PROBLEMI SOCIO-SANITARI ASSISTENZA E PREVIDENZA ITALIA$2R 686 $aX09.1$cTEORIA ECONOMICA$2R 700 1$aCorbino$b, Epicarmo$3CFIV066521$4070$068068 801 3$aIT$bIT-000000$c20110727 850 $aIT-BN0095 $aIT-BN0110 $aIT-NA0022 $aIT-BN0015 912 $aLO10501971 950 2$aBiblioteca Centralizzata di Ateneo$cv. 1-2$d 01POZZO LIB.F. ASSANTE 602$e 0101 0060018275E VMA (0001 v. 1 (Precedente collocazione A 696)$fB $h20220930$i20220930 977 $a 01$a 35$a CI$a PB 996 $aCrepuscolo del liberismo$9642057 997 $aUNISANNIO